Law of Transfer of Property including Easements Trusts and Wills Ed 6 (Record no. 232215)
[ view plain ]
| 000 -LEADER | |
|---|---|
| fixed length control field | 00738nam a22002417a 4500 |
| 005 - DATE AND TIME OF LATEST TRANSACTION | |
| control field | 20241206142946.0 |
| 008 - FIXED-LENGTH DATA ELEMENTS--GENERAL INFORMATION | |
| fixed length control field | 241206b ||||| |||| 00| 0 eng d |
| 020 ## - INTERNATIONAL STANDARD BOOK NUMBER | |
| International Standard Book Number | 9789394364646 |
| 040 ## - CATALOGING SOURCE | |
| Transcribing agency | AL |
| 041 ## - LANGUAGE CODE | |
| Language code of text/sound track or separate title | eng |
| 082 ## - DEWEY DECIMAL CLASSIFICATION NUMBER | |
| Edition number | 23 |
| Classification number | 346.043 |
| Item number | SARL |
| 100 ## - MAIN ENTRY--PERSONAL NAME | |
| Personal name | Vepa P Sarathi |
| 100 ## - MAIN ENTRY--PERSONAL NAME | |
| 9 (RLIN) | 188352 |
| 245 ## - TITLE STATEMENT | |
| Title | Law of Transfer of Property including Easements Trusts and Wills Ed 6 |
| 250 ## - EDITION STATEMENT | |
| Edition statement | 6 |
| 300 ## - PHYSICAL DESCRIPTION | |
| Extent | lxxxiv,470p. |
| Other physical details | PB |
| Dimensions | 24x16cm. |
| 365 ## - TRADE PRICE | |
| Source of price type code | Law |
| Price type code | 1060 |
| Price amount | 492.75 |
| Currency code | ₹ |
| Unit of pricing | 675.00 |
| Price note | 27% |
| Price effective from | 28-11-2024 |
| 650 ## - SUBJECT ADDED ENTRY--TOPICAL TERM | |
| Topical term or geographic name entry element | Immovable Property |
| 9 (RLIN) | 188339 |
| 650 ## - SUBJECT ADDED ENTRY--TOPICAL TERM | |
| Topical term or geographic name entry element | Transfer of Property |
| 9 (RLIN) | 188340 |
| 650 ## - SUBJECT ADDED ENTRY--TOPICAL TERM | |
| Topical term or geographic name entry element | Election and Apportionment |
| 9 (RLIN) | 188341 |
| 700 ## - ADDED ENTRY--PERSONAL NAME | |
| Personal name | SARATHI (Vepa P) |
| 9 (RLIN) | 188342 |
| 700 ## - ADDED ENTRY--PERSONAL NAME | |
| Personal name | TALY(Mallika) Rev |
| 9 (RLIN) | 188353 |
| 942 ## - ADDED ENTRY ELEMENTS (KOHA) | |
| Source of classification or shelving scheme | Dewey Decimal Classification |
| Koha item type | Book |
| Withdrawn status | Lost status | Source of classification or shelving scheme | Damaged status | Not for loan | Collection code | Home library | Current library | Date acquired | Source of acquisition | Cost, normal purchase price | Total Checkouts | Full call number | Barcode | Date last seen | Cost, replacement price | Price effective from | Koha item type |
|---|---|---|---|---|---|---|---|---|---|---|---|---|---|---|---|---|---|
| Dewey Decimal Classification | Law | St Aloysius Law Library | St Aloysius Law Library | 12/05/2024 | MPP House Law Books Publishers Bengaluru-560009 | 492.75 | 346.043 SARL | LL000786 | 12/06/2024 | 675.00 | 12/06/2024 | Book | |||||
| Dewey Decimal Classification | Law | St Aloysius Law Library | St Aloysius Law Library | 12/05/2024 | MPP House Law Books Publishers Bengaluru-560009 | 492.75 | 346.043 SARL | LL000787 | 12/06/2024 | 675.00 | 12/06/2024 | Book | |||||
| Dewey Decimal Classification | Law | St Aloysius Law Library | St Aloysius Law Library | 12/05/2024 | MPP House Law Books Publishers Bengaluru-560009 | 492.75 | 346.043 SARL | LL000788 | 12/06/2024 | 675.00 | 12/06/2024 | Book | |||||
| Dewey Decimal Classification | Law | St Aloysius Law Library | St Aloysius Law Library | 12/05/2024 | MPP House Law Books Publishers Bengaluru-560009 | 492.75 | 346.043 SARL | LL000789 | 12/06/2024 | 675.00 | 12/06/2024 | Book | |||||
| Dewey Decimal Classification | Law | St Aloysius Law Library | St Aloysius Law Library | 12/05/2024 | MPP House Law Books Publishers Bengaluru-560009 | 492.75 | 346.043 SARL | LL000790 | 12/06/2024 | 675.00 | 12/06/2024 | Book | |||||
| Dewey Decimal Classification | Law | St Aloysius Law Library | St Aloysius Law Library | 12/05/2024 | MPP House Law Books Publishers Bengaluru-560009 | 492.75 | 346.043 SARL | LL000791 | 12/06/2024 | 675.00 | 12/06/2024 | Book | |||||
| Dewey Decimal Classification | Law | St Aloysius Law Library | St Aloysius Law Library | 12/05/2024 | MPP House Law Books Publishers Bengaluru-560009 | 492.75 | 346.043 SARL | LL000792 | 12/06/2024 | 675.00 | 12/06/2024 | Book | |||||
| Dewey Decimal Classification | Law | St Aloysius Law Library | St Aloysius Law Library | 12/05/2024 | MPP House Law Books Publishers Bengaluru-560009 | 492.75 | 346.043 SARL | LL000793 | 12/06/2024 | 675.00 | 12/06/2024 | Book | |||||
| Dewey Decimal Classification | Law | St Aloysius Law Library | St Aloysius Law Library | 12/05/2024 | MPP House Law Books Publishers Bengaluru-560009 | 492.75 | 346.043 SARL | LL000794 | 12/06/2024 | 675.00 | 12/06/2024 | Book | |||||
| Dewey Decimal Classification | Law | St Aloysius Law Library | St Aloysius Law Library | 12/05/2024 | MPP House Law Books Publishers Bengaluru-560009 | 492.75 | 346.043 SARL | LL000795 | 12/06/2024 | 675.00 | 12/06/2024 | Book |